000 00709nam a2200253Ia 4500
003 OSt
005 20220926012756.0
006 a|||||r|||| 00| 0
007 ta
008 220923b |||||||| |||| 00| 0 eng d
020 _a0029289718
037 _cGeneral Book
040 _aRTL
_cRTL
_beng
041 _2eng
_aeng
082 _aX9:8:(S:44), J7;L6
100 _aSimon Herbert A
245 0 _aAdminstrative behaviour
_b A study of decision maki
250 _aEd 3rd
260 _aNew York
_bFree Press U S A
_c1976
300 _axLix,364p.
_ccm.
650 _aIndustrial Management
942 _hX9:8:(S:44), J7;L6
_cGB
_2CC
999 _c624310
_d624310